Estadísticas para Canales de Youtube con mas suscriptores

Haz click aquí para intentar la prueba.

Estadísticas generales

  • Esta prueba ha sido intentada 38 veces
  • La puntuación promedio es 2 de 10

Estadísticas de respuestas

RankingRespuestaSuscriptores% Correcto
#1tseries186 millones
94%
#2cocomelon114 millones
40%
#6wwe78.6 millones
26%
#4setindia108 millones
14%
#95minutecrafts72.8 millones
11%
#3pewdiepe110 millones
11%
#5kidsdianashow80.3 millones
9%
#7likenastya74.9 millones
3%
#8zeemusiccompany74 millones
3%
#10vladandniki69.2 millones
0%

Distribución de puntuación

Porcentaje por número respondido

Porcentaje de gente con cada puntuación

Historial de tus puntuaciones

No has intentado esta prueba.